| 000 | 00477nam a2200181Ia 4500 | ||
|---|---|---|---|
| 003 | IN-BaIIA | ||
| 008 | 211028s9999 xx 000 0 eng d | ||
| 040 | _cIIA Library | ||
| 080 |
_a551.510. _bPHY |
||
| 110 |
_aPhysical Society _93033 |
||
| 245 | 4 |
_aThe physics of the ionosphere _cPhysical Society |
|
| 260 |
_aLondon _bThe Physical Society _c1955 |
||
| 300 | _a406p. | ||
| 650 | _aIonosphere | ||
| 650 | _aNASA thesaurus | ||
| 710 |
_aPhysical Society _93033 |
||
| 942 | _cBK | ||
| 999 |
_c1498 _d1498 |
||